Allgemeine politische Geographie und Geopolitik.

Bibliographic Details
Main Author: Haushofer, Albrecht, 1903-1945
Format: Book
Language:German
Published: Heidelberg : K. Vowinckel, 1951-
Subjects:

MARC

Tag First Indicator Second Indicator Subfields
LEADER 00000cam a2200000 4500
001 in00000065536
005 20151007083437.0
008 800428m19519999gw 00000 ger c
010 |a a 51007480  
035 |a (OCoLC)06257035 
035 |9 AAF9375AM 
040 |a New York. Public Libr.  |c TXA  |d UtOrBLW 
049 |a TXAM  |c [253219] 
050 0 |a JC319  |b .H28 
082 0 |a 320.1 
092 |a 320.1  |b H376a 
100 1 |a Haushofer, Albrecht,  |d 1903-1945. 
245 1 0 |a Allgemeine politische Geographie und Geopolitik. 
264 1 |a Heidelberg :  |b K. Vowinckel,  |c 1951- 
300 |a  volumes ;  |c 24 cm. 
336 |a text  |b txt  |2 rdacontent 
337 |a unmediated  |b n  |2 rdamedia 
338 |a volume  |b nc  |2 rdacarrier 
650 0 |a Geopolitics. 
999 |a MARS 
999 f f |s 3e32e96e-6e8c-3e6a-91c1-c778dde169ca  |i 626bba61-4722-3eed-a061-0ae5712f3b55  |t 0 
952 f f |p ric  |a Texas A&M University  |b Rellis Campus  |c Joint Library Facility  |d Remote Storage  |t 0  |e JC319 .H28  |h Library of Congress classification  |i unmediated -- volume  |m A14800657244 
998 f f |a JC319 .H28  |t 0  |l Remote Storage